Normal view
MARC view
- Reed, G. A. L
Entry Personal Name
001 - CONTROL NUMBER
- control field: 104032
003 - CONTROL NUMBER IDENTIFIER
- control field: NUST
005 - DATE AND TIME OF LATEST TRANSACTION
- control field: 20221202152403.0
008 - FIXED-LENGTH DATA ELEMENTS
- fixed length control field: 221202|| aca||aabn | a|a d
040 ## - CATALOGING SOURCE
- Original cataloging agency: NUST
- Transcribing agency: NUST
100 ## - HEADING--PERSONAL NAME
- Personal name: Reed, G. A. L
670 ## - SOURCE DATA FOUND
- Source citation: Work cat.: (NUST)184222: Sander, K. F. 66228, Transmission and propagation of electromagnetic waves /, 1986.
